Catalog

Record Details

Catalog Search



Víra ve stáří : bakalářská práce Cover Image Book Book

Víra ve stáří : bakalářská práce Adéla Beranová ; Vedoucí práce: Petr Jandejsek

Record details

  • Physical Description: 60 s. 5 příl.

Content descriptions

Bibliography, etc. Note:
bibliogr. s. 50

Available copies

  • 1 of 1 copy available at Common Catalog SPOK.

Holds

  • 0 current holds with 1 total copy.
Show Only Available Copies
Location Call Number / Copy Notes Barcode Shelving Location Status Due Date
Jabok Library ABP-1626 424480024939 Absolventské práce Reference -

Electronic resources

Version of Resource: Plný text


LDR 00606ntm a22 a 4500
00114351
003CZ-PrJAB
00520210308073609.0
008101014s2010 xr e |||| |cze
009cz
035 . ‡a(CONS)14351
035 . ‡aKPS0020007
0410 . ‡acze
10011. ‡715070 ‡aBeranová, Adéla
110 2. ‡aEvangelická teologická fakulta Univerzity Karlovy
2451 . ‡aVíra ve stáří : ‡bbakalářská práce ‡cAdéla Beranová ; Vedoucí práce: Petr Jandejsek
260 . ‡aPraha ‡c2010
300 . ‡a60 s. ‡b5 příl.
504 . ‡abibliogr. s. 50
653 . ‡astáří ‡avíra ‡abible
70011. ‡711400 ‡aJandejsek, Petr
999 . ‡a1626- ‡c1626- ‡i424480024939 ‡tP
999 . ‡a1627- ‡c1627- ‡i424480024940 ‡tP
910 . ‡aABG312
85641. ‡uhttps://dspace.cuni.cz/handle/20.500.11956/37177 ‡yPlný text
901 . ‡a14351 ‡bCZ-PrJAB ‡c14351 ‡tbiblio

Additional Resources